| 000 | 00887nam a22001817a 4500 | ||
|---|---|---|---|
| 999 |
_c60006 _d60006 |
||
| 003 | Ge_BSU | ||
| 005 | 20230530113940.0 | ||
| 008 | 230530s1952 ge ||||| |||| 00| 0 geo d | ||
| 041 | _ageo | ||
| 080 | _a902(479.22) ლ-82 | ||
| 100 |
_aლომთათიძე, გ. _917832 |
||
| 245 |
_aწინაპართა ნაკვალევი : _bსაქართველოს არქეოლოგიის ნარკვევები / _c გ. ლომთათიძე; რედ. ალ. კალანდაძე. |
||
| 264 |
_aთბილისი : _bსაბლიტგამი, _c1952. |
||
| 300 |
_a208 გვ. : _bილ.; 1 ფურც. ილ. ; _c24 სმ. |
||
| 653 | _aარქეოლოგია საქართველოში | ||
| 700 |
_aკალანდაძე, ალ. _eრედაქტორი _93442 |
||
| 942 |
_2udc _cBK |
||